000 00547nam a2200169 4500
999 _c4270
_d4270
008 160903b xxu||||| |||| 00| 0 eng d
022 _aEdition 2094-8042
082 _aDPer 370.105 M72 Jan-Dec 2012 v. 60-61
100 _913983
_aPadua, Severina D.
243 _aThe modern teacher
245 _aWalong sinag ng araw/
_cSeverina D. Padua.
260 _aPhilippines:
_bIn the Grade School, Inc.,
_c©2012.
300 _av61 n1, page 33;
_c28 cm.
500 _aThe Modern Teacher
650 0 _913984
_aPhilippine poetry
942 _2ddc
_cPER